000
00298nam a2200133Ia 4500
100
_a
Dekker /A.J
942
_c
BK
654
_a
solid state physics
245
_a
Solid State Physics
260
_b
Macmillan India Ltd.
_a
Madras
_c
1981
082
_a
530.41
_b
DEK
300
_a
540
546
_a
ENGLISH
999
_c
33214
_d
33214